Video Games by Letter - N - Statistics

General Stats
  • This quiz has been taken 61 times
  • The average score is 8 of 15
Answer Stats
Hint Answer % Correct
Company that created Mario and Zelda Nintendo
100%
Company that created Pac-Man and Tekken Namco
73%
Minecraft’s hellish dimension Nether
73%
Hero of Earthbound Ness
69%
Uncharted protagonist played by Tom Holland Nathan Drake
65%
Link's fairy friend and guide Navi
56%
Procedurally generated space adventure game released to mixed reviews No Man's Sky
51%
Race cars and tuner cars compete to win the race and run from police; also known as Over Drivin’ Need for Speed
47%
Online pet simulation game - don't spend all your Neocash in one place! Neopets
47%
Company that created Crash Bandicoot and Uncharted Naughty Dog
44%
Brutally difficult platformer starring Ryu Hayabusa Ninja Gaiden
44%
Drakengard spin-off starring 2B NieR: Automata
36%
Mature Wii game starring an otaku with a beam sword No More Heroes
35%
SNK console family Neo Geo
31%
1996 Sega game set in Nightopia, where everyone's dreams take place Nights into Dreams
24%
No matching quizzes found
Score Distribution
Percent of People with Each Score
Percentile by Number Answered
Your Score History
You have not taken this quiz